Fr. Conceicao Rodrigues College of Engineering

Neural Network for Pattern recognition (Record no. 30956)

MARC details
000 -LEADER
fixed length control field 00306nam a2200133Ia 4500
082 ## - DEWEY DECIMAL CLASSIFICATION NUMBER
Classification number 6.4
Item number BIS
100 ## - MAIN ENTRY--PERSONAL NAME
Personal name Bishop/Christopher M
245 ## - TITLE STATEMENT
Title Neural Network for Pattern recognition
260 ## - PUBLICATION, DISTRIBUTION, ETC.
Name of publisher, distributor, etc. Oxford university press
Date of publication, distribution, etc. 1995
300 ## - PHYSICAL DESCRIPTION
Extent 482
546 ## - LANGUAGE NOTE
Language note ENGLISH
654 ## - SUBJECT ADDED ENTRY--FACETED TOPICAL TERMS
Focus term neural
942 ## - ADDED ENTRY ELEMENTS (KOHA)
Koha item type BOOK
Holdings
Withdrawn status Lost status Damaged status Not for loan Collection Home library Current library Date acquired Total Checkouts Full call number Barcode Date last seen Price effective from Koha item type
        CRC Fr. Agnel's C.Rodrigues College of Engineering Fr. Agnel's C.Rodrigues College of Engineering 17/03/2023   6.4 BIS 14857 17/03/2023 17/03/2023 BOOK